000 00853nam a22002657a 4500
005 20170124105926.0
010 _a528789
020 _c00
035 _a528789
037 _bCen Lib/Ret
040 _aDPL
_bEN
082 _a020.654
100 _aMookherjee, Subodh Kumar
_96411
245 _aDevelopment of libraries and library science in india /
_cby Subodh Kumar
246 _b
260 _bThe world Press
_c1969
_aCalcutta
270 _bCalcutta
_a37, college street
300 _ax, 534p.
_c20m(Hb)
500 _a Includes appendix and index
650 _aLibrary science
_96412
650 _aLibraries development
_96413
650 _a पुस्तकालय विज्ञान
_96414
650 _a पुस्तकालयों के विकास
_96415
942 _2ddc
_cEN
_h020.954
_mMOO
999 _c123489
_d123489